000 00615nam a2200217Ia 4500
005 20250923145914.0
008 008 250917s9999 xx 000 0 eng d
037 _aTextual
040 _aDSWL
_beng
_cDSWL
041 _aeng
_2eng
084 _aY31:7:7:(X:8), N91
_qDSWL
100 _aStreefkerk, H.
_9840141
245 0 _aManaging rural development
_c by H.Streefkerk
260 _aNew Delhi
_bSage Publication
_c1991
300 _a225p.
365 _aINR
_b260.00
700 _a T.K. Moulik
_9840143
925 _g260.00
942 _cTEXL
_hY31:7:7:(X:8), N91
999 _c1457163
_d1457163